[Event "II Open ROMGAZ"]
[Site "Bucarest ROM"]
[Date "2008.09.18"]
[Round "8"]
[White "Berescu, A."]
[Black "Filippov, An UZB"]
[Result "0-1"]
[WhiteElo "2489"]
[BlackElo "2531"]
[PlyCount "56"]
[EventDate "2008.09.11"]
[Source "www.chesslib.no"]
[SourceDate "2004.05.04"]

1. e4 e5 2. Bc4 Nc6 3. d3 Nf6 4. Nc3 Bb4 5. Nge2 d5 6. exd5 Nxd5 7. O-O Bxc3 8. Nxc3 Nxc3 9. bxc3 Na5 10. Bb3 O-O 11. Qh5 Nxb3 12. axb3 Re8 13. Ra4 Qf6 14. f4 Bd7 15. Re4 exf4 16. Rexf4 Qb6+ 17. d4 f5 18. Rh4 h6 19. g4 Re4 20. Bf4 Rf8 21. gxf5 Rxf5 22. Qf3 Qe6 23. h3 Bc6 24. Qg3 g5 25. Rg4 Qf7 26. d5 Bxd5 27. Qd3 Rfxf4 28. Rfxf4 Rxf4 0-1

[Event "SUI-chT Zuerich-Mendrisio"]
[Site "Svizzera"]
[Date "2007.09.01"]
[Round "6.3"]
[White "Vogt, Lothar"]
[Black "Godena, Michele"]
[Result "1/2-1/2"]
[WhiteElo "2492"]
[BlackElo "2516"]
[PlyCount "30"]
[EventDate "2007.02.25"]
[Source "www.chesslib.no"]
[SourceDate "2004.05.04"]

1. e4 e5 2. Bc4 Nf6 3. d3 Nc6 4. Nc3 Na5 5. Nge2 c6 6. a4 d5 7. Ba2 dxe4 8. Nxe4 Nxe4 9. dxe4 Qxd1+ 10. Kxd1 b6 11. c3 Ba6 12. f3 O-O-O+ 13. Ke1 Bc4 14. Bxc4 Nxc4 15. Ng3 g6 1/2-1/2

[Event "Open, Gent BEL"]
[Site "?"]
[Date "2001.??.??"]
[Round "6"]
[White "Emms, J."]
[Black "Jonkman, H."]
[Result "1-0"]
[WhiteElo "2530"]
[BlackElo "2465"]
[PlyCount "104"]
[EventDate "2001.??.??"]
[Source "www.chesslib.no"]
[SourceDate "2004.05.04"]

1. e4 e5 2. Nc3 Nf6 3. Bc4 Nc6 4. d3 Bb4 5. Nge2 d5 6. exd5 Nxd5 7. O-O Nxc3 8. bxc3 Bd6 9. Ng3 O-O 10. Ne4 Be7 11. Qh5 Na5 12. Bb3 Nxb3 13. axb3 f5 14. Nd2 Bf6 15. Qe2 Re8 16. Bb2 b6 17. Rae1 Bb7 18. f3 a5 19. c4 Qd6 20. Qf2 c5 21. Re2 Re7 22. Rfe1 Rae8 23. Nf1 g6 24. Nd2 Kf7 25. Ba1 h5 26. Rf1 Bg5 27. Rfe1 h4 28. h3 Bc6 29. Nf1 Re6 30. Bc3 Bf6 31. Nd2 Bg5 32. Bb2 Qc7 33. Bc3 R8e7 34. Bb2 Qd6 35. Bc3 Ke8 36. Bb2 Kd7 37. Bc3 Kc8 38. Bb2 Re8 39. Bc3 Bf4 40. Qxh4 e4 41. Nf1 g5 42. Qh7 exf3 43. Rxe6 Rxe6 44. Qxf5 Bd7 45. Rxe6 Bxe6 46. Qe4 fxg2 47. Qxg2 Bd7 48. Qa8+ Kc7 49. Qa7+ Kd8 50. Qa8+ Ke7 51. Qe4+ Kd8 52. Qa8+ Bc8 1-0

[Event "Elgoibar"]
[Site "Elgoibar ESP"]
[Date "1995.??.??"]
[Round "1"]
[White "Mitkov, Nikola"]
[Black "Izeta Txabarri, Felix"]
[Result "1-0"]
[WhiteElo "2475"]
[BlackElo "2515"]
[PlyCount "121"]
[EventDate "1995.11.??"]
[Source "www.chesslib.no"]
[SourceDate "2004.05.04"]

1. e4 Nc6 2. Nc3 e5 3. Bc4 Nf6 4. d3 Na5 5. Nge2 Bc5 6. O-O Nxc4 7. dxc4 d6 8. Ng3 Be6 9. b3 Bd4 10. Qd3 h5 11. Nge2 Bb6 12. a4 a5 13. Be3 Bxe3 14. Qxe3 Ng4 15. Qd3 g5 16. c5 dxc5 17. Qb5+ c6 18. Qxb7 Bd7 19. Rad1 Nf6 20. Rd6 O-O 21. Rfd1 h4 22. Rxd7 Nxd7 23. Qxd7 Qxd7 24. Rxd7 Rfd8 25. Rd3 Rab8 26. Nc1 Rd4 27. Rxd4 exd4 28. N3e2 c4 29. bxc4 Rb4 30. Nxd4 Rxa4 31. Ndb3 Ra3 32. Kf1 a4 33. Nc5 Ra1 34. N5d3 a3 35. Ke2 a2 36. Nxa2 Rxa2 37. Kd2 Ra4 38. Kc3 Ra1 39. Ne5 Rg1 40. g3 h3 41. Kd4 Rg2 42. Ng4 Rg1 43. Kc5 Re1 44. e5 Kg7 45. Kxc6 Re4 46. Ne3 Rxe5 47. c5 Kf8 48. Kb6 Ke7 49. c6 Kd8 50. Nc4 Re6 51. Kb7 Re7+ 52. Kb8 Rc7 53. Na5 Rc8+ 54. Kb7 Rc7+ 55. Kb6 Re7 56. Nb7+ Kc8 57. Nd6+ Kb8 58. g4 f6 59. c4 Rh7 60. Nb5 Kc8 61. c7 1-0